Vista normal
Vista MARC
Entrada Materia (tema)
Número de registros utilizados en: 1
001 - CONTROL NUMBER
- control field: 183380
003 - CONTROL NUMBER IDENTIFIER
- control field: Co-BoUCM
005 - DATE AND TIME OF LATEST TRANSACTION
- control field: 20241009074308.0
008 - FIXED-LENGTH DATA ELEMENTS
- fixed length control field: 241009|| aca||aabn | a|a d
040 ## - CATALOGING SOURCE
- Original cataloging agency: Co-BoUCM
- Transcribing agency: Co-BoUCM
150 ## - HEADING--TOPICAL TERM
- Topical term or geographic name as entry element: Pacientes simulados
- Form subdivision: Problemas, ejercicios, etc.
- General subdivision: Métodos de simulación
670 ## - SOURCE DATA FOUND
- Source citation: Work cat.: (Co-BoUCM): Certified Healthcare Simulation Educator (CHSE) review, 2024